Biblioteca

Psicoanálisis aplicado y técnica psicoanalítica / Sigmund Freud ; Luis López-Ballesteros y de Torres, Traductor. (Registro nro. 32129)

Detalles MARC
000 -LÍDER
Campo fijo de descripción fija 013040000a22002050004500
041 0# - CÓDIGO DE IDIOMA
Código de idioma para texto/pista de sonido o título separado
082 04 - NÚMERO DE CLASIFICACIÓN DECIMAL DEWEY
Número de clasificación G 131.34 F8891r
001 - NÚMERO DE CONTROL
Campo de control 634
100 1# - ASIENTO PRINCIPAL--NOMBRE PERSONAL
Nombre personal Freud, Sigmund (1856-1939)
245 10 - TÍTULO
Título del Material Psicoanálisis aplicado y técnica psicoanalítica / Sigmund Freud ; Luis López-Ballesteros y de Torres, Traductor.
260 ## - PUBLICACIÓN, DISTRIBUCIÓN, ETC. (PIE DE IMPRENTA)
Lugar de publicación, distribución, etc. Madrid, España : Alianza
300 ## - DESCRIPCIÓN FÍSICA
Extensión 223 Pag.
336 ## - CONTENT TYPE
Content type term texto
Content type code txt
Source rdacontent
337 ## - MEDIA TYPE
Source rdamedia
Media type term sin mediación
Media type code n
338 ## - CARRIER TYPE
Source rdacarrier
Carrier type term volumen
Carrier type code nc
500 ## - NOTA GENERAL
Nota General Título original : Der dichter und das phatasieren
505 00 - NOTA DE CONTENIDO
Nota de contenido con formato preestablecido psicoanálisis aplicado -- el poeta y la fantasía -- el tema de la elección de cofrecillo -- varios tipos de carácter descubiertos en la labor analítica -- una neurosis demoniaca en el siglo XVII -- técnica psicoanalítica -- el psicoanálisis "silvestre" -- el empleo de la interpretación de los sueños en el psicoanálisis -- la dinámica de la transferencia -- consejos al médico en el tratamiento psicoanalítico -- la "fausse reconnaissance" ("déjá raconté") durante el análisis -- la iniciación del tratamiento -- recuerdo, repetición y elaboración -- observaciones sobre el "amor de transferencia" -- los caminos de la terapia psicoanalítica.
650 14 - ASIENTO SECUNDARIO DE MATERIA - TERMINO TEMÁTICO
Término temático o nombre geográfico como elemento de entrada PSICOANALISIS \ PSICOTERAPIA
942 ## - TIPO DE MATERIAL (KOHA)
Tipo de Item KOHA Libros General
Existencias
Estado de Material Estado de Perdido Estado de Dañado No para Préstamo Colección Tomo Biblioteca de Origen Biblioteca Permanente Fecha de Adquisición Total de Préstamos Signatura Topográfica Código de Barras Última vez visto Última vez Préstado Ejemplar/Existencia Fecha de Remplazo Tipo de Material
        Colección General   Biblioteca FUSBC Biblioteca FUSBC 20/09/2004 1 G 131.34 F8891r 102 16/03/2021 08/03/2021 1 26/01/2016 Libros General

Biblioteca FUSBC | Teléfono: (57+4) 349 88 10 Ext. 141| WhatsApp (+57) 3005338115 
E-mail: biblioteca@unisbc.edu.co | Calle 76 87-14 Robledo Palenque, Medellín, Colombia

Con tecnología Koha